Tennis féminin - Vainqueurs et finalistes des Masters - Statistiques

Statistiques générales
  • Ce quiz a été pris 85 fois
    33 depuis la dernière actualisation
  • Le résultat moyen est 65 sur 108
Statistiques - réponses
Années Résultats Joueuses % Correct
2022 Finaliste Sabalenka
93%
2025 Finaliste Sabalenka
93%
2001 Vainqueur Serena Williams
93%
2002 Finaliste Serena Williams
93%
2004 Finaliste Serena Williams
93%
2009 Vainqueur Serena Williams
93%
2012 Vainqueur Serena Williams
93%
2013 Vainqueur Serena Williams
93%
2014 Vainqueur Serena Williams
93%
2023 Vainqueur Świątek
90%
2008 Vainqueur Venus Williams
90%
2009 Finaliste Venus Williams
90%
2017 Finaliste Venus Williams
90%
1986 Finaliste Graf
83%
1987 Vainqueur Graf
83%
1989 Vainqueur Graf
83%
1993 Vainqueur Graf
83%
1995 Vainqueur Graf
83%
1996 Vainqueur Graf
83%
2024 Vainqueur Gauff
80%
1975 Finaliste Navrátilová
80%
1978 Vainqueur Navrátilová
80%
1979 Vainqueur Navrátilová
80%
1980 Finaliste Navrátilová
80%
1981 Vainqueur Navrátilová
80%
1982 Finaliste Navrátilová
80%
1983 Vainqueur Navrátilová
80%
1984 Vainqueur Navrátilová
80%
1985 Vainqueur Navrátilová
80%
1986 Vainqueur Navrátilová
80%
1986 Vainqueur Navrátilová
80%
1989 Finaliste Navrátilová
80%
1991 Finaliste Navrátilová
80%
1992 Finaliste Navrátilová
80%
2006 Vainqueur Henin
77%
2007 Vainqueur Henin
77%
2025 Vainqueur Rybakina
77%
2004 Vainqueur Sharapova
77%
2007 Finaliste Sharapova
77%
2012 Finaliste Sharapova
77%
2022 Vainqueur Garcia
73%
1972 Vainqueur Evert
70%
1973 Vainqueur Evert
70%
1974 Finaliste Evert
70%
1975 Vainqueur Evert
70%
1976 Finaliste Evert
70%
1977 Vainqueur Evert
70%
1983 Finaliste Evert
70%
1984 Finaliste Evert
70%
2003 Finaliste Mauresmo
70%
2005 Vainqueur Mauresmo
70%
2006 Finaliste Mauresmo
70%
1990 Vainqueur Seles
67%
1991 Vainqueur Seles
67%
1992 Vainqueur Seles
67%
2000 Finaliste Seles
67%
1994 Finaliste Davenport
63%
1998 Finaliste Davenport
63%
1999 Vainqueur Davenport
63%
2001 Finaliste Davenport
63%
1996 Finaliste Hingis
63%
1998 Vainqueur Hingis
63%
1999 Finaliste Hingis
63%
2000 Vainqueur Hingis
63%
1997 Finaliste Pierce
63%
2005 Finaliste Pierce
63%
2011 Finaliste Azarenka
60%
2019 Vainqueur Barty
60%
2014 Finaliste Halep
60%
2021 Vainqueur Muguruza
60%
2002 Vainqueur Clijsters
57%
2003 Vainqueur Clijsters
57%
2010 Vainqueur Clijsters
57%
2023 Finaliste Pegula
57%
2016 Finaliste Kerber
53%
2018 Vainqueur Svitolina
53%
2019 Finaliste Svitolina
53%
2018 Finaliste Stephens
50%
2011 Vainqueur Kvitová
47%
2015 Finaliste Kvitová
47%
1993 Finaliste Sánchez
47%
2010 Finaliste Wozniacki
47%
2017 Vainqueur Wozniacki
47%
2013 Finaliste Li Na
37%
1974 Vainqueur Goolagong
33%
1976 Vainqueur Goolagong
33%
1978 Finaliste Goolagong
33%
2015 Vainqueur Radwańska
33%
1987 Finaliste Sabatini
33%
1988 Vainqueur Sabatini
33%
1990 Finaliste Sabatini
33%
1994 Vainqueur Sabatini
33%
1986 Finaliste Mandlíková
30%
2024 Finaliste Zheng Qinwen
30%
1979 Finaliste Austin
27%
1980 Vainqueur Austin
27%
1997 Vainqueur Novotná
27%
2008 Finaliste Zvonareva
17%
2016 Vainqueur Cibulková
13%
2021 Finaliste Kontaveit
10%
1977 Finaliste Barker
7%
1995 Finaliste Huber
7%
1972 Finaliste Melville
3%
1988 Finaliste Shriver
3%
1985 Finaliste Suková
3%
1982 Vainqueur Hanika
0%
1981 Finaliste Jaeger
0%
1973 Finaliste Richey-Gunter
0%
Aucun quiz correspondant
Distribution des résultats
% des personnes avec chaque résultat
Percentile par nombre de réponses
Votre historique - résultats
Vous n’avez pas pris ce quiz depuis la dernière actualisation